Pays similaires aux États américains par population - Statistiques

Statistiques générales
  • Ce quiz a été pris 402 fois
  • Le résultat moyen est 37 sur 50
Réponses sur la Carte
Les réponses sont colorées sur une échelle allant du rouge au vert en fonction du pourcentage des utilisateurs qui les ont devinées à leur premier essai. Vous pouvez retrouver ces pourcentages ci-dessous.
 
Statistiques - réponses
Flag Map Etat Pays % Correct
VA Virginie Suisse
97%
MT Montana Chypre
95%
MN Minnesota Finlande
95%
SC Caroline du Sud Norvège
95%
WI Wisconsin Danemark
94%
AL Alabama Irlande
94%
KS Kansas Qatar
94%
IN Indiana Liban
93%
UT Utah Uruguay
93%
NY New York Roumanie
92%
ME Maine Estonie
91%
OK Oklahoma Géorgie
91%
CA Californie Irak
90%
MS Mississippi Jamaïque
90%
NM Nouveau-Mexique Macédoine du Nord
89%
ID Idaho Lettonie
87%
NV Nevada Bosnie-Herzégovine
86%
VT Vermont Luxembourg
86%
ND Dakota du Nord Bhoutan
85%
AZ Arizona Laos
85%
KY Kentucky Panama
84%
NC Caroline du Nord République Tchèque
83%
CO Colorado Singapour
80%
FL Floride Sri Lanka
80%
AR Arkansas Arménie
79%
TN Tennessee Bulgarie
78%
IA Iowa Mongolie
77%
SD Dakota du Sud Fidji
73%
WV Virginie-Occidentale Bahreïn
70%
GA Géorgie République Dominicaine
70%
LA Louisiane Mauritanie
69%
TX Texas Yémen
68%
MI Michigan Honduras
66%
PA Pennsylvanie  Guinée
65%
OR Oregon Koweït
65%
MO Missouri Salvador
65%
MA Massachusetts Libye
64%
WY Wyoming Suriname
61%
NJ New Jersey Papouasie-Nouvelle-Guinée
59%
NH New Hampshire Trinité-et-Tobago
59%
WA Washington Sierra Leone
58%
MD Maryland Turkménistan
56%
CT Connecticut Érythrée
55%
OH Ohio Bolivie
52%
NE Nebraska Guinée-Bissau
52%
IL Illinois Rwanda
52%
DE Delaware Djibouti
50%
RI Rhode Island Eswatini
50%
AK Alaska Îles Salomon
37%
HI Hawaï Guinée Équatoriale
29%
Aucun quiz correspondant
Distribution des résultats
% des personnes avec chaque résultat
Percentile par nombre de réponses
Votre historique - résultats
Vous n’avez pas pris ce quiz